<?xml version="1.0" encoding="UTF-8"?>
<record
    xmlns:xsi="http://www.w3.org/2001/XMLSchema-instance"
    xsi:schemaLocation="http://www.loc.gov/MARC21/slim http://www.loc.gov/standards/marcxml/schema/MARC21slim.xsd"
    xmlns="http://www.loc.gov/MARC21/slim">

  <leader>02874nam a2200397 i 4500</leader>
  <controlfield tag="001">CR9780511564420</controlfield>
  <controlfield tag="003">UkCbUP</controlfield>
  <controlfield tag="005">20250131171214.0</controlfield>
  <controlfield tag="006">m|||||o||d||||||||</controlfield>
  <controlfield tag="007">cr||||||||||||</controlfield>
  <controlfield tag="008">090518s1994||||enk     o     ||1 0|eng|d</controlfield>
  <datafield tag="020" ind1=" " ind2=" ">
    <subfield code="a">9780511564420 (ebook)</subfield>
  </datafield>
  <datafield tag="020" ind1=" " ind2=" ">
    <subfield code="z">9780521419765 (hardback)</subfield>
  </datafield>
  <datafield tag="020" ind1=" " ind2=" ">
    <subfield code="z">9780521598903 (paperback)</subfield>
  </datafield>
  <datafield tag="040" ind1=" " ind2=" ">
    <subfield code="a">KO</subfield>
    <subfield code="b">eng</subfield>
  </datafield>
  <datafield tag="041" ind1="0" ind2=" ">
    <subfield code="a">eng</subfield>
  </datafield>
  <datafield tag="082" ind1="0" ind2="0">
    <subfield code="a">551.4/57</subfield>
    <subfield code="2">20</subfield>
  </datafield>
  <datafield tag="245" ind1="0" ind2="0">
    <subfield code="a">Coastal evolution :</subfield>
    <subfield code="b">Late Quaternary shoreline morphodynamics /</subfield>
  </datafield>
  <datafield tag="264" ind1=" " ind2="1">
    <subfield code="a">Cambridge :</subfield>
    <subfield code="b">Cambridge University Press,</subfield>
    <subfield code="c">1994.</subfield>
  </datafield>
  <datafield tag="300" ind1=" " ind2=" ">
    <subfield code="a">1 online resource (xxi, 517 pages) :</subfield>
    <subfield code="b">digital, PDF file(s).</subfield>
  </datafield>
  <datafield tag="338" ind1=" " ind2=" ">
    <subfield code="a">online resource</subfield>
  </datafield>
  <datafield tag="500" ind1=" " ind2=" ">
    <subfield code="a">Title from publisher's bibliographic system (viewed on 05 Oct 2015).</subfield>
  </datafield>
  <datafield tag="505" ind1="0" ind2="0">
    <subfield code="t">Coastal evolution : an introduction /</subfield>
    <subfield code="r">R.W.G. Carter and C.D. Woodroffe --</subfield>
    <subfield code="t">Morphodynamics of coastal evolution /</subfield>
    <subfield code="r">P.J. Cowell and B.G. Thom --</subfield>
    <subfield code="t">Deltaic coasts /</subfield>
    <subfield code="r">J.R. Suter --</subfield>
    <subfield code="t">Wave-dominated coasts /</subfield>
    <subfield code="r">P.S. Roy [and others] --</subfield>
    <subfield code="t">Macrotidal estuaries /</subfield>
    <subfield code="r">J. Chappell and C.D. Woodroffe --</subfield>
    <subfield code="t">Lagoons and microtidal coasts /</subfield>
    <subfield code="r">J.A.G. Cooper --</subfield>
    <subfield code="t">Coral atolls /</subfield>
    <subfield code="r">R.F. McLean and C.D. Woodroffe --</subfield>
    <subfield code="t">Continental shelf reef systems /</subfield>
    <subfield code="r">D. Hopley --</subfield>
    <subfield code="t">Arctic coastal plain shorelines /</subfield>
    <subfield code="r">P.R. Hill [and others].</subfield>
  </datafield>
  <datafield tag="505" ind1="0" ind2="0">
    <subfield code="t">Paraglacial coasts /</subfield>
    <subfield code="r">D.L. Forbes and J.P.M. Syvitski --</subfield>
    <subfield code="t">Coastal cliffs and platforms /</subfield>
    <subfield code="r">G.B. Griggs and A.S. Trenhaile --</subfield>
    <subfield code="t">Tectonic shorelines /</subfield>
    <subfield code="r">P.A. Pirazzoli --</subfield>
    <subfield code="t">Developed coasts /</subfield>
    <subfield code="r">K.F. Nordstrom.</subfield>
  </datafield>
  <datafield tag="520" ind1=" " ind2=" ">
    <subfield code="a">The shoreline is a rapidly changing interface between the land and the sea, where much of the world's population lives. Coasts are under threat from a variety of natural and anthropogenic impacts, such as climate or sea-level change. This 1995 book assesses how coastlines change, and how they have evolved over the last few thousand years. It introduces concepts in coastal morphodynamics, recognising that coasts develop through co-adjustment of process and form. Particular types of coast, such as deltas, estuaries, reefs, lagoons and polar coasts, are examined in detail with conceptual models developed on the basis of well-studied examples. Coastal Evolution is written for undergraduates who are studying coastal geomorphology, geologists who are mapping coastal sedimentary sequences and environmental scientists, engineers, planners and coastal managers who need to understand the natural processes of change which occur on shorelines.</subfield>
  </datafield>
  <datafield tag="650" ind1=" " ind2="0">
    <subfield code="a">Paleogeography</subfield>
    <subfield code="y">Quaternary.</subfield>
  </datafield>
  <datafield tag="650" ind1=" " ind2="0">
    <subfield code="a">Coast changes.</subfield>
  </datafield>
  <datafield tag="700" ind1="1" ind2=" ">
    <subfield code="a">Carter, Bill</subfield>
    <subfield code="q">(R. W. G.),</subfield>
    <subfield code="e">editor.</subfield>
  </datafield>
  <datafield tag="700" ind1="1" ind2=" ">
    <subfield code="a">Woodroffe, C. D.,</subfield>
    <subfield code="e">editor.</subfield>
  </datafield>
  <datafield tag="710" ind1="2" ind2=" ">
    <subfield code="a">IGCP Project 274,</subfield>
    <subfield code="e">issuing body.</subfield>
  </datafield>
  <datafield tag="852" ind1=" " ind2=" ">
    <subfield code="a">KO</subfield>
  </datafield>
  <datafield tag="856" ind1="4" ind2="0">
    <subfield code="u">https://doi.org/10.1017/CBO9780511564420</subfield>
  </datafield>
  <datafield tag="904" ind1=" " ind2=" ">
    <subfield code="a">RUDRA_R</subfield>
  </datafield>
  <datafield tag="905" ind1=" " ind2=" ">
    <subfield code="a">R_RANJAN</subfield>
  </datafield>
  <datafield tag="942" ind1=" " ind2=" ">
    <subfield code="c">EB</subfield>
  </datafield>
  <datafield tag="999" ind1=" " ind2=" ">
    <subfield code="c">3312</subfield>
    <subfield code="d">3312</subfield>
  </datafield>
</record>
